| 000 | 00610nam a22002057a 4500 | ||
|---|---|---|---|
| 001 | 33339 | ||
| 003 | BD-RjUL | ||
| 005 | 20211209052006.0 | ||
| 008 | 140507s1963 pk ||||| |||| 00| 0 eng d | ||
| 035 | _a(BD-RjUL)33430 | ||
| 040 |
_aBD-RjUL _beng _cBD-RjUL _dBD-RjUL |
||
| 041 | _aeng | ||
| 082 | 0 | 0 |
_a309.15491 _bSOC1963 |
| 245 | 1 | 0 |
_aSociology and social research in Pakistan / _cedited by Mohammad Afsaruddin |
| 260 |
_aPakistan : _bPakistan sociology , _c1963. |
||
| 300 |
_a140p. ; _c23cm. |
||
| 651 | 0 |
_aPakistan _xSocial conditions. _9101204 |
|
| 700 | 1 |
_a Afsaruddi, Mohammad _9101203 |
|
| 942 |
_2ddc _cBK |
||
| 999 |
_c33339 _d33339 |
||